000 01694cam a22004577a 4500
001 000093171
003 CHAP
005 20220329142921.0
008 050221d2005 mx d r 00110 spa d
010 _a89637
011 _a90609
035 _a101165
040 _cCHAP
090 _aTesis
100 0 0 _aSilva Hernández, Jorge.
_9106006
245 1 0 _aEfecto de una poliacrilamida en la retención de humedad y suministro de nutrimentos en la producción de trigo /
_c/por Jorge Silva Hernández.
260 _aChapingo, Méx. :
_bEl autor,
_c2005.
300 _a73 h. :
_bgráfs. ; cuadros.
502 _aTesis (Ing. Agr. Esp. en Suelos) -- UACH. Departamento de Suelos
590 _aALEPH
_b10
_c20130110
_lUCH01
_h1504
590 _aBATCH-UPD
_b10
_c20130110
_lUCH01
_h0525
590 _aBATCH-UPD
_b10
_c20130110
_lUCH01
_h2223
590 _aBATCH-UPD
_b10
_c20130410
_lUCH01
_h0204
590 _aBATCH-UPD
_b10
_c20130914
_lUCH01
_h1942
590 _aBATCH-UPD
_b10
_c20140324
_lUCH01
_h1449
590 _aBATCH-UPD
_b10
_c20141002
_lUCH01
_h0825
590 _aCONVERSION
_b10
_c20130109
_lUCH01
_h1350
590 _aE12093SGE
_b10
_c20130619
_lUCH01
_h1438
650 1 4 _aProductos químicos.
_992217
650 1 4 _aSuelos y nutrición.
_9110578
650 1 4 _aSuelos
_xHumedad.
_9110391
650 1 4 _aSuelos
_xProducción.
_9110463
650 1 4 _aTrigo
_xProducción.
_9115082
856 _3Finding aid
_uhttp://10.13.5.2/tesis/101165.pdf
_zTeclea aquí
901 _aBK
905 _aMarco A. Mendoza T.
942 _cCD
942 _n0
949 _aTesis
_bBC
_cTES
_d1011651
_eTS1
_gDonaciØn
_h43543
_i101165
_sb
949 _aTesis
_bBC
_cTES
_d33724000943460
_eTS2
_fc.2
_gDonaciØn
_h43544
_i101165
_sb
999 _c89637
_d89637